000 00444cam a2200193 4500
001 D6918
008 090401t1980 xxu||||| |||| 00| 0 eng d
035 _a(Sirsi) u3914
041 _aeng
050 _a692.8
100 _aMajor, W.T.
245 _aBuilding and engineering claims
260 _aLondon
_bOyez Publishing
_c1980
300 _axix. 108p. 22cm
350 _a8.5
700 _aRanson, A.
942 _n0
948 _c04/03/1997
999 _c85968
_d85968